| 000 | 00571nam a2200217Ia 4500 | ||
|---|---|---|---|
| 008 | 240619s9999 xx 000 0 und d | ||
| 020 | _a99929-0-475-5 | ||
| 035 | _a1770 | ||
| 040 |
_aGS0142000 _bmon _cMN-UlNLM _dMN-UlNLM _erda |
||
| 041 | _amon | ||
| 042 | _a2583 | ||
| 084 |
_2NNA _a74-28,6 _bК-92 |
||
| 100 | _aКуппэр Х. | ||
| 245 | 0 | _aДууч шувууд | |
| 264 |
_aУлаанбаатар _c2005 |
||
| 300 | _aх. | ||
| 336 |
_2rdacontent _atext _btxt |
||
| 337 |
_2rdamedia _aunmediated _bn |
||
| 338 |
_2rdacarrier _avolume _bnc |
||
| 942 |
_2NNA _cBK |
||
| 999 |
_c897098 _d897155 |
||